[Event "Mercredi 2023.02.22 ABCD"]
[Site "Montreal CAN"]
[Date "2023.03.08"]
[Round "3"]
[White "Genzling, Jerome"]
[Black "Adam, Rafael"]
[Result "1-0"]
[WhiteElo "2052"]
[BlackElo "2189"]
[PlyCount "107"]
[EventDate "2023.02.22"]
[EventType "tourn"]
[EventRounds "5"]
[EventCountry "CAN"]

1. e4 c6 2. Nf3 d5 3. Nc3 dxe4 4. Nxe4 Nf6 5. Qe2 Nxe4 6. Qxe4 Nd7 7. Bc4 Nf6
8. Ne5 e6 9. Qe2 b5 10. Bb3 Qc7 11. d4 a5 12. c3 Ba6 13. O-O Bd6 14. Re1 O-O
15. Bg5 Nd5 16. Bh4 Nf4 17. Qe4 Ng6 18. Nxg6 hxg6 19. Re3 c5 20. dxc5 Qxc5 21.
Rd1 Be7 22. Rd7 g5 23. Bg3 Rfe8 24. Bxe6 fxe6 25. Qxe6+ Kh7 26. Bd6 Qxe3 27.
fxe3 Bxd6 28. Qh3+ Kg8 29. Rxd6 b4 30. Qd7 Bc4 31. h3 bxc3 32. bxc3 Bxa2 33.
Rb6 Red8 34. Qe7 Bf7 35. Rb7 Rf8 36. Ra7 a4 37. Qxf7+ Rxf7 38. Rxa8+ Rf8 39.
Rxa4 Rf5 40. Rc4 Kf7 41. Kh2 Ke6 42. Kg3 Ra5 43. Kf3 Kf5 44. Rc8 Ra3 45. c4 Rc3
46. c5 Rc4 47. c6 Ke6 48. c7 Kf7 49. e4 Rc3+ 50. Ke2 Kg6 51. e5 Rc5 52. Kd3 g4
53. hxg4 Rxe5 54. Rd8 1-0

[Event "Mercredi 2023.02.22 ABCD"]
[Site "Montreal CAN"]
[Date "2023.03.08"]
[Round "3"]
[White "Giard, Antoine"]
[Black "Chasles, Jean-Benoit"]
[Result "1/2-1/2"]
[WhiteElo "1712"]
[BlackElo "1723"]
[PlyCount "70"]
[EventDate "2023.02.22"]
[EventType "tourn"]
[EventRounds "5"]
[EventCountry "CAN"]

1. e4 c5 2. Nf3 g6 3. d4 cxd4 4. Nxd4 Bg7 5. Be3 Nc6 6. c4 Qb6 7. Nb5 Qd8 8.
N1c3 Nf6 9. Be2 O-O 10. O-O a6 11. Nd4 d6 12. Rc1 Bd7 13. f3 Rc8 14. Nxc6 Bxc6
15. b4 Bd7 16. Nd5 Nxd5 17. cxd5 b5 18. Qb3 Ra8 19. Rc2 Qb8 20. Rfc1 Rc8 21.
Rxc8+ Bxc8 22. a4 Bd7 23. a5 Qb7 24. Bg5 Rc8 25. Rxc8+ Bxc8 26. Qc2 Bd4+ 27.
Kh1 f6 28. Bd2 Bd7 29. h3 Kg7 30. f4 Qa7 31. Qd3 Bf2 32. f5 Qd4 33. Qxd4 Bxd4
34. g4 h5 35. Kg2 hxg4 1/2-1/2

[Event "Mercredi 2023.02.22 ABCD"]
[Site "Montreal CAN"]
[Date "2023.03.08"]
[Round "3"]
[White "Kozlov, Guennadi"]
[Black "Boileau, Dominic"]
[Result "0-1"]
[WhiteElo "1691"]
[BlackElo "1760"]
[PlyCount "92"]
[EventDate "2023.02.22"]
[EventType "tourn"]
[EventRounds "5"]
[EventCountry "CAN"]

1. e4 c6 2. d4 d5 3. e5 Bf5 4. Bd3 Bxd3 5. Qxd3 e6 6. f4 c5 7. c3 Nc6 8. Nf3
Nh6 9. a3 Rc8 10. O-O Qb6 11. b4 cxd4 12. cxd4 Nf5 13. Bb2 h5 14. Nbd2 Be7 15.
Rfc1 O-O 16. Nb3 a5 17. b5 a4 18. bxc6 axb3 19. Rc3 bxc6 20. Rxb3 Qa7 21. g3 c5
22. dxc5 Bxc5+ 23. Kg2 Ne3+ 24. Kh3 Ng4 25. Kh4 g6 26. Bd4 Qe7+ 27. Kh3 Bxd4
28. Qxd4 Rc2 29. Nd2 Rfc8 30. Rb2 Nf2+ 31. Kg2 Ne4 32. Raa2 R8c4 33. Qb6 Rxd2+
34. Rxd2 Nxd2 35. Rxd2 Qxa3 36. Rb2 Qd3 37. Qd8+ Kh7 38. Qe7 Qe4+ 39. Kh3 Qf5+
40. Kg2 Qe4+ 41. Kh3 Qf5+ 42. Kg2 Rc2+ 43. Rxc2 Qxc2+ 44. Kf1 Qf5 45. Qd7 Kg7
46. Qd8 g5 0-1

[Event "Mercredi 2023.02.22 ABCD"]
[Site "Montreal CAN"]
[Date "2023.03.08"]
[Round "3"]
[White "Latorre, Vincent"]
[Black "Batorshyn, Ilia"]
[Result "0-1"]
[WhiteElo "2274"]
[BlackElo "2161"]
[PlyCount "64"]
[EventDate "2023.02.22"]
[EventType "tourn"]
[EventRounds "5"]
[EventCountry "CAN"]

1. e4 c5 2. Nf3 d6 3. Nc3 Nf6 4. d4 cxd4 5. Nxd4 a6 6. f3 e5 7. Nb3 Be7 8. Be3
Be6 9. Qd2 h5 10. O-O-O Nbd7 11. Nd5 Nxd5 12. exd5 Bf5 13. Bd3 Bxd3 14. Qxd3
Bg5 15. Kb1 Bxe3 16. Qxe3 Rc8 17. h4 g6 18. f4 O-O 19. f5 Nf6 20. fxg6 fxg6 21.
Qh6 Qe8 22. Rhf1 Qf7 23. Nd2 Qg7 24. Qxg7+ Kxg7 25. Nf3 Nh7 26. Rfe1 Rf5 27. b3
g5 28. Re4 Rf4 29. Nd2 b5 30. Rxf4 exf4 31. Ne4 Rd8 32. g3 Kg6 0-1

[Event "Mercredi 2023.02.22 ABCD"]
[Site "Montreal CAN"]
[Date "2023.03.08"]
[Round "3"]
[White "Rauch, Frank"]
[Black "Gadbois, Patrick"]
[Result "1-0"]
[WhiteElo "1939"]
[BlackElo "1937"]
[PlyCount "77"]
[EventDate "2023.02.22"]
[EventType "tourn"]
[EventRounds "5"]
[EventCountry "CAN"]

1. d4 e6 2. c4 d5 3. Nc3 Nf6 4. cxd5 exd5 5. Bg5 c6 6. e3 Bd6 7. Bd3 O-O 8. Qc2
h6 9. Bh4 Re8 10. Nge2 Be7 11. O-O Nbd7 12. Rad1 Ne4 13. Bxe7 Qxe7 14. Bxe4
dxe4 15. Ng3 Nf6 16. a3 Bg4 17. Rc1 Rac8 18. b4 h5 19. h3 Bd7 20. Na4 b6 21.
Nb2 h4 22. Ne2 Nd5 23. Nc3 g5 24. Nc4 g4 25. Ne5 Nxc3 26. Qxc3 gxh3 27. g3 Be6
28. Kh2 hxg3+ 29. fxg3 Qg5 30. Rf4 f6 31. Nc4 Re7 32. Nd6 Rg7 33. Nxe4 Qg6 34.
Nxf6+ Kf7 35. Nh5+ Ke7 36. Nxg7 Qxg7 37. e4 Rf8 38. d5 Rxf4 39. Qxg7+ 1-0

[Event "Mercredi 2023.02.22 ABCD"]
[Site "Montreal CAN"]
[Date "2023.03.08"]
[Round "3"]
[White "Sekki, Abderaouf"]
[Black "Singher, Jean-Pierre"]
[Result "1/2-1/2"]
[WhiteElo "1952"]
[BlackElo "2001"]
[PlyCount "48"]
[EventDate "2023.02.22"]
[EventType "tourn"]
[EventRounds "5"]
[EventCountry "CAN"]

1. d4 d5 2. c4 e6 3. Nc3 a6 4. Nf3 dxc4 5. a4 c5 6. e4 cxd4 7. Qxd4 Qxd4 8.
Nxd4 Bb4 9. Bd2 Ne7 10. Bxc4 Nbc6 11. Nc2 Ba5 12. O-O Ne5 13. Be2 N7c6 14. Rfd1
O-O 15. Rab1 Bc7 16. b4 Rd8 17. Be3 b6 18. Rxd8+ Nxd8 19. b5 a5 20. Nd4 Kf8 21.
Rc1 Bd6 22. f4 Nd7 23. e5 Ba3 24. Rc2 Bb7 1/2-1/2

[Event "Mercredi 2023.02.22 ABCD"]
[Site "Montreal CAN"]
[Date "2023.03.15"]
[Round "4"]
[White "Adam, Rafael"]
[Black "Cardin, Guillaume"]
[Result "1-0"]
[WhiteElo "2189"]
[BlackElo "2107"]
[PlyCount "95"]
[EventDate "2023.02.22"]
[EventType "tourn"]
[EventRounds "5"]
[EventCountry "CAN"]

1. Nf3 d5 2. g3 g6 3. Bg2 Bg7 4. d4 c6 5. O-O Nf6 6. Ne5 Ng4 7. f4 Nxe5 8. fxe5
Bf5 9. Nc3 Qb6 10. Kh1 Na6 11. a4 h5 12. a5 Qc7 13. e4 dxe4 14. Nxe4 O-O-O 15.
Bf4 Qd7 16. c3 h4 17. Ng5 hxg3 18. Bxg3 Rh5 19. Nxf7 Rf8 20. e6 Bxe6 21. Ne5
Rxf1+ 22. Qxf1 Bxe5 23. Bxe5 Rf5 24. Qe2 Bd5 25. Re1 Rg5 26. Bg3 Bxg2+ 27. Kxg2
e5 28. dxe5 Qd5+ 29. Qf3 Qxa5 30. e6 Qd8 31. e7 Qe8 32. Qf6 Rd5 33. Qe6+ Rd7
34. c4 Nc5 35. Qe5 Rd2+ 36. Kg1 Na6 37. b4 Rd7 38. b5 Nc7 39. bxc6 bxc6 40. Qe4
Kb7 41. Rb1+ Kc8 42. Re1 Kb7 43. Bf2 a6 44. Qe3 Kc8 45. Bg3 a5 46. Qb6 a4 47.
Qxc6 a3 48. Bxc7 1-0

[Event "Mercredi 2023.02.22 ABCD"]
[Site "Montreal CAN"]
[Date "2023.02.22"]
[Round "4"]
[White "Allaire, Denis"]
[Black "Kozlov, Guennadi"]
[Result "0-1"]
[WhiteElo "1681"]
[BlackElo "1691"]
[PlyCount "42"]
[EventDate "2023.02.22"]
[EventType "tourn"]
[EventRounds "5"]
[EventCountry "CAN"]

1. e4 e6 2. d4 d5 3. Nd2 dxe4 4. Nxe4 Nd7 5. Nf3 Ngf6 6. Nxf6+ Nxf6 7. Be3 Be7
8. Bd3 Nd5 9. Bd2 a5 10. a3 h6 11. c4 Nf6 12. O-O O-O 13. Bc3 c5 14. Qe2 cxd4
15. Nxd4 Bd7 16. Rad1 Qc7 17. Nf5 exf5 18. Qxe7 Rfe8 19. Bxf6 Rxe7 20. Bxe7 Be6
21. Bh4 g5 0-1

[Event "Mercredi 2023.02.22 ABCD"]
[Site "Montreal CAN"]
[Date "2023.03.15"]
[Round "4"]
[White "Avarian, Sevag"]
[Black "Beaulieu, Pierre"]
[Result "1-0"]
[WhiteElo "1839"]
[BlackElo "1822"]
[PlyCount "81"]
[EventDate "2023.02.22"]
[EventType "tourn"]
[EventRounds "5"]
[EventCountry "CAN"]

1. e4 g6 2. d4 Bg7 3. Be3 d6 4. Nc3 c6 5. Qd2 b5 6. h4 h6 7. O-O-O Nf6 8. f3
Qa5 9. Kb1 Nh5 10. Bf2 b4 11. Nce2 Nd7 12. g4 Nhf6 13. Nc1 Rb8 14. Nge2 Nb6 15.
Nb3 Qa4 16. Nec1 Be6 17. Bd3 Nfd7 18. Qe2 Bxb3 19. Nxb3 d5 20. e5 e6 21. f4 Kd8
22. f5 Kc7 23. fxe6 fxe6 24. Bxg6 Nc4 25. Bd3 Nxb2 26. Kxb2 Qa3+ 27. Ka1 c5 28.
Be3 cxd4 29. Bxd4 a5 30. Bb2 Qa4 31. Rhf1 Rhf8 32. Rxf8 Rxf8 33. Bb5 Rf2 34.
Qxf2 Qxb5 35. Qa7+ Kc8 36. Qa8+ Nb8 37. Qxa5 Qe2 38. Qc5+ Kd8 39. Qd6+ Nd7 40.
Rc1 Qe3 41. Kb1 1-0

[Event "Mercredi 2023.02.22 ABCD"]
[Site "Montreal CAN"]
[Date "2023.03.15"]
[Round "4"]
[White "Baran, Marius"]
[Black "Chasles, Jean-Benoit"]
[Result "0-1"]
[WhiteElo "1758"]
[BlackElo "1723"]
[PlyCount "98"]
[EventDate "2023.02.22"]
[EventType "tourn"]
[EventRounds "5"]
[EventCountry "CAN"]

1. d4 Nf6 2. c4 e6 3. Nf3 d5 4. Nc3 Bb4 5. Bd2 O-O 6. a3 Bxc3 7. Bxc3 Ne4 8.
Rc1 a5 9. b3 b6 10. e3 Nxc3 11. Rxc3 Bb7 12. Be2 Nd7 13. O-O c5 14. cxd5 Bxd5
15. Qc2 Nf6 16. Rd1 Ne4 17. Rcd3 Qe7 18. dxc5 Nxc5 19. Rxd5 exd5 20. Rxd5 g6
21. Bc4 Rac8 22. h4 Qe4 23. Qb2 a4 24. Ng5 Qxh4 25. Nxf7 Rxf7 26. Rd4 Qe7 27.
b4 Nd7 28. Ba2 Nf6 29. Qd2 Kg7 30. Bxf7 Qxf7 31. Rd6 b5 32. f3 Rc7 33. e4 Rd7
34. e5 Rxd6 35. Qxd6 Ne8 36. Qc6 Nc7 37. f4 h5 38. g3 Kg8 39. Kh2 Kg7 40. Kg1
h4 41. g4 Ne6 42. Qxb5 Qa7+ 43. Kf1 Nxf4 44. Qc4 Qe3 45. Qc7+ Kh6 46. g5+ Kxg5
47. Qe7+ Kg4 48. Qd7+ Kg3 49. Qd1 Qf2# 0-1

[Event "Mercredi 2023.02.22 ABCD"]
[Site "Montreal CAN"]
[Date "2023.03.15"]
[Round "4"]
[White "Boileau, Dominic"]
[Black "Giard, Antoine"]
[Result "1-0"]
[WhiteElo "1760"]
[BlackElo "1712"]
[PlyCount "69"]
[EventDate "2023.02.22"]
[EventType "tourn"]
[EventRounds "5"]
[EventCountry "CAN"]

1. d4 Nf6 2. Bf4 d5 3. e3 e6 4. c4 Bd6 5. Bg3 c5 6. cxd5 exd5 7. dxc5 Bxc5 8.
Nf3 Nc6 9. Bb5 O-O 10. O-O Bg4 11. Nbd2 Bb6 12. Qa4 Ne7 13. Be5 Bxf3 14. Bxf6
Bh5 15. Qh4 gxf6 16. Qxh5 Ng6 17. Nf3 Rc8 18. Ba4 Qd6 19. Rfe1 Rfd8 20. Bb3 Rc5
21. Nd4 Qe5 22. Qf3 Bc7 23. g3 Qg5 24. Kf1 Ne5 25. Qf5 Ng4 26. Bc2 Qg6 27. Rac1
Nxh2+ 28. Kg2 Ng4 29. Rh1 Be5 30. Qf3 Rxc2 31. Nxc2 Bxb2 32. Rb1 Ne5 33. Qe2
Nc4 34. Rh4 Be5 35. Rg4 1-0

[Event "Mercredi 2023.02.22 ABCD"]
[Site "Montreal CAN"]
[Date "2023.03.15"]
[Round "4"]
[White "Chapdelaine, Gwyn"]
[Black "Sekki, Abderaouf"]
[Result "1-0"]
[WhiteElo "1966"]
[BlackElo "1952"]
[PlyCount "47"]
[EventDate "2023.02.22"]
[EventType "tourn"]
[EventRounds "5"]
[EventCountry "CAN"]

1. d4 f5 2. Nf3 Nf6 3. c4 e6 4. g3 Be7 5. Bg2 O-O 6. O-O Ne4 7. Nc3 Nxc3 8.
bxc3 d6 9. Re1 Nc6 10. Ba3 Na5 11. Qa4 b6 12. Nd2 Bb7 13. Bxb7 Nxb7 14. e4 e5
15. Qc6 Rb8 16. Rad1 Na5 17. Qd5+ Kh8 18. dxe5 fxe4 19. Rxe4 Re8 20. Rde1 c6
21. Qf7 Rf8 22. Qe6 Re8 23. exd6 Rb7 24. Nf3 1-0

[Event "Mercredi 2023.02.22 ABCD"]
[Site "Montreal CAN"]
[Date "2023.03.15"]
[Round "4"]
[White "Deboosere, Adam"]
[Black "Lima-Barbosa, Raphael"]
[Result "1-0"]
[WhiteElo "1906"]
[BlackElo "1935"]
[PlyCount "71"]
[EventDate "2023.02.22"]
[EventType "tourn"]
[EventRounds "5"]
[EventCountry "CAN"]

1. d4 Nf6 2. c4 g6 3. Nc3 Bg7 4. e4 d6 5. h3 O-O 6. Be3 Na6 7. Nf3 e5 8. d5 Nc5
9. Nd2 Nh5 10. g3 a5 11. Be2 Bd7 12. Bxc5 dxc5 13. Bxh5 gxh5 14. Qxh5 f5 15.
Qe2 Bh6 16. g4 fxg4 17. hxg4 Qg5 18. Rxh6 Qxh6 19. O-O-O Qf4 20. f3 Ra6 21. d6
Rxd6 22. Nd5 Qg5 23. Nxc7 Ba4 24. b3 Bc6 25. Kc2 Qf4 26. Nd5 Bxd5 27. exd5 Rh6
28. Rg1 Rh2 29. Qd3 Qxf3 30. Rf1 Qg2 31. d6 Rf2 32. Rd1 Qxg4 33. d7 Rxd2+ 34.
Rxd2 Rxd2+ 35. Qxd2 Qf5+ 36. Kb2 1-0

[Event "Mercredi 2023.02.22 ABCD"]
[Site "Montreal CAN"]
[Date "2023.03.15"]
[Round "4"]
[White "Gadbois, Patrick"]
[Black "Singher, Jean-Pierre"]
[Result "1/2-1/2"]
[WhiteElo "1937"]
[BlackElo "2001"]
[PlyCount "80"]
[EventDate "2023.02.22"]
[EventType "tourn"]
[EventRounds "5"]
[EventCountry "CAN"]

1. d4 d5 2. Nf3 e6 3. e3 Nf6 4. Bd3 c5 5. c3 Nc6 6. Nbd2 Qc7 7. O-O a6 8. Qe2
Bd7 9. a3 Bd6 10. dxc5 Bxc5 11. e4 O-O 12. e5 Ng4 13. Bxh7+ Kxh7 14. Ng5+ Kg8
15. Qxg4 Qxe5 16. Qh4 Qf5 17. Nb3 Bd6 18. Nd4 Nxd4 19. Qxd4 Rac8 20. Be3 Rc4
21. Qd2 f6 22. Nf3 Qh5 23. h3 g5 24. Qe2 Re4 25. Nd4 g4 26. f3 gxf3 27. Rxf3
Qg6 28. Qf2 f5 29. Bf4 Bxf4 30. Rxf4 e5 31. Rf3 f4 32. Nb3 Bb5 33. Re1 Rxe1+
34. Qxe1 e4 35. Rf2 e3 36. Rf3 Qc2 37. Nd4 Qe4 38. Qh4 e2 39. Qg4+ Kh7 40. Qh5+
Kg7 1/2-1/2

[Event "Mercredi 2023.02.22 ABCD"]
[Site "Montreal CAN"]
[Date "2023.03.15"]
[Round "4"]
[White "Genzling, Jerome"]
[Black "Latorre, Vincent"]
[Result "1-0"]
[WhiteElo "2052"]
[BlackElo "2274"]
[PlyCount "65"]
[EventDate "2023.02.22"]
[EventType "tourn"]
[EventRounds "5"]
[EventCountry "CAN"]

1. e4 g6 2. d4 Bg7 3. Nc3 d6 4. f4 a6 5. a4 Nf6 6. Nf3 c5 7. dxc5 Qa5 8. Bd3
Qxc5 9. Qe2 Nc6 10. Be3 Qh5 11. h3 O-O 12. O-O e5 13. Rad1 Re8 14. Bc4 exf4 15.
Bxf4 Qc5+ 16. Kh1 Ne5 17. Nxe5 dxe5 18. Bg5 Be6 19. Nd5 Bxd5 20. Bxd5 Nxd5 21.
Rxd5 Qc6 22. Qd3 Rac8 23. Rd7 f6 24. Qb3+ Re6 25. Rfd1 Kh8 26. Be3 b5 27. axb5
axb5 28. Ra7 Rg8 29. Rdd7 Rd6 30. Rdc7 Rd1+ 31. Kh2 Qe8 32. Bh6 Qf8 33. Bxg7+
1-0

[Event "Mercredi 2023.02.22 ABCD"]
[Site "Montreal CAN"]
[Date "2023.03.15"]
[Round "4"]
[White "Landry, Sylvain"]
[Black "Bain-Thouvarez, Aurelien"]
[Result "0-1"]
[WhiteElo "1903"]
[BlackElo "1783"]
[PlyCount "86"]
[EventDate "2023.02.22"]
[EventType "tourn"]
[EventRounds "5"]
[EventCountry "CAN"]

1. e4 d5 2. exd5 Nf6 3. Nf3 Bg4 4. Bb5+ Nbd7 5. h3 Bh5 6. Nc3 a6 7. Be2 Nb6 8.
d4 Nbxd5 9. Nxd5 Qxd5 10. c4 Qd6 11. O-O e6 12. c5 Qd8 13. Qb3 Qc8 14. g4 Bg6
15. Ne5 Be4 16. f4 Be7 17. f5 Bd5 18. Qe3 exf5 19. Rxf5 O-O 20. Bd3 Be6 21. Rf2
Nd5 22. Qe4 g6 23. Bh6 Nf6 24. Qe2 Rd8 25. Raf1 Rxd4 26. Rxf6 Bxc5 27. Be3 Qd8
28. Nxf7 Qd5 29. Qf2 Rxd3 30. Rxe6 Qxe6 31. Nh6+ Kg7 32. Bxc5 Kxh6 33. Bf8+
Rxf8 34. Qxf8+ Kg5 35. Qf4+ Kh4 36. g5+ Kh5 37. Qxc7 Qe3+ 38. Rf2 Rd1+ 39. Kg2
Qxg5+ 40. Kf3 Qf5+ 41. Kg2 Qe4+ 42. Kh2 Rh1+ 43. Kg3 Rg1+ 0-1

[Event "Mercredi 2023.02.22 ABCD"]
[Site "Montreal CAN"]
[Date "2023.03.15"]
[Round "4"]
[White "Rauch, Frank"]
[Black "Di Matteo, Alessio"]
[Result "1/2-1/2"]
[WhiteElo "1939"]
[BlackElo "1977"]
[PlyCount "172"]
[EventDate "2023.02.22"]
[EventType "tourn"]
[EventRounds "5"]
[EventCountry "CAN"]

1. d4 Nf6 2. c4 e6 3. Nf3 Bb4+ 4. Bd2 Qe7 5. a3 Bxd2+ 6. Qxd2 a5 7. Nc3 d6 8.
e4 e5 9. dxe5 dxe5 10. Be2 O-O 11. O-O c6 12. Qg5 Re8 13. h3 Na6 14. Rad1 h6
15. Qe3 Nh5 16. Rd2 Nf4 17. Rfd1 Qf6 18. Kh2 Be6 19. Bf1 Reb8 20. g3 Ng6 21.
Be2 Qe7 22. Na4 Rd8 23. Qb6 Rxd2 24. Rxd2 Qc7 25. h4 Bg4 26. Qxc7 Nxc7 27. Kg2
Kf8 28. Nb6 Re8 29. Nd7+ Kg8 30. Nc5 Rb8 31. Nb3 Ra8 32. Nc5 Rb8 33. Nb3 Ra8
34. Nc5 b6 35. Nb3 Bxf3+ 36. Kxf3 Ne6 37. Rd6 a4 38. Nc1 Nd4+ 39. Ke3 f6 40.
Bd1 Nf8 41. Ne2 Nfe6 42. Nxd4 Nxd4 43. Rd7 Ra5 44. f4 b5 45. cxb5 Rxb5 46. Bxa4
Rxb2 47. fxe5 fxe5 48. Bd1 Rb1 49. a4 Ra1 50. Kd2 Ra3 51. g4 Ra2+ 52. Kc3 Ra1
53. Kd2 Kf8 54. Ra7 Ra2+ 55. Kc3 Ra1 56. Kd2 Ra3 57. Ra5 Ra2+ 58. Kc3 Ra1 59.
Kd2 Nb5 60. Ra6 Nd4 61. Ra5 Nb5 62. Ra6 Nd6 63. Rxc6 Nxe4+ 64. Ke3 Nf6 65. Rd6
Ke7 66. Rd3 Rc1 67. g5 hxg5 68. hxg5 Nh7 69. Ke4 Nxg5+ 70. Kxe5 Nf7+ 71. Kf5
Rc5+ 72. Kf4 g5+ 73. Kg3 Ne5 74. Ra3 Rd5 75. Be2 Rd2 76. Bb5 Rb2 77. Bf1 Rb7
78. a5 Ra7 79. a6 Kd6 80. Ra5 Nf7 81. Kg4 Kc7 82. Be2 Kb6 83. Ra1 Ra8 84. a7
Rxa7 85. Rxa7 Kxa7 86. Bc4 Ne5+ 1/2-1/2

[Event "Mercredi 2023.02.22 ABCD"]
[Site "Montreal CAN"]
[Date "2023.03.22"]
[Round "5"]
[White "Bain-Thouvarez, Aurelien"]
[Black "Avarian, Sevag"]
[Result "1-0"]
[WhiteElo "1783"]
[BlackElo "1839"]
[PlyCount "141"]
[EventDate "2023.02.22"]
[EventType "tourn"]
[EventRounds "5"]
[EventCountry "CAN"]

1. Nf3 c5 2. c4 g6 3. Nc3 Bg7 4. d4 cxd4 5. Nxd4 Nc6 6. Nc2 Nf6 7. e4 O-O 8.
Be2 d6 9. Be3 Qa5 10. O-O Bd7 11. a3 Rfc8 12. f4 Qd8 13. b4 Ne8 14. Qd3 f5 15.
Bf3 Nf6 16. b5 fxe4 17. Nxe4 Na5 18. Ng5 Qe8 19. Bd4 Bf5 20. Qe2 Rxc4 21. Bxf6
Rxc2 22. Bd5+ Kh8 23. Bxg7+ Kxg7 24. Qe1 h6 25. Qxa5 hxg5 26. Bxb7 gxf4 27.
Rxf4 Qd8 28. Qb4 Qb6+ 29. Qd4+ Qxd4+ 30. Rxd4 Rb8 31. Bc6 Kf6 32. g4 Bc8 33.
Rf1+ Kg7 34. Bd5 e6 35. Bc6 d5 36. Rdf4 a6 37. g5 Bb7 38. Rf7+ Kg8 39. Rxb7
Rxb7 40. Bxb7 axb5 41. Ba6 Ra2 42. Bxb5 Rxa3 43. Be8 Re3 44. Bxg6 d4 45. Kf2
Rh3 46. Bf7+ Kg7 47. Bxe6 Rxh2+ 48. Kg3 Re2 49. Bc4 Re3+ 50. Kf4 Rc3 51. Bd5
Rd3 52. Ke4 Rg3 53. Kf4 Rd3 54. Rg1 Re3 55. g6 Re2 56. Bf7 d3 57. Kf3 Re5 58.
Rd1 Rf5+ 59. Ke3 Rh5 60. Rxd3 Rg5 61. Kf4 Rg1 62. Rg3 Rf1+ 63. Kg5 Rh1 64. Rg4
Rh2 65. Be6 Re2 66. Bf5 Re1 67. Rh4 Rg1+ 68. Bg4 Rf1 69. Rh7+ Kf8 70. g7+ Kf7
71. Be6+ 1-0

[Event "Mercredi 2023.02.22 ABCD"]
[Site "Montreal CAN"]
[Date "2023.03.22"]
[Round "5"]
[White "Beaulieu, Pierre"]
[Black "Deboosere, Adam"]
[Result "1-0"]
[WhiteElo "1822"]
[BlackElo "1906"]
[PlyCount "87"]
[EventDate "2023.02.22"]
[EventType "tourn"]
[EventRounds "5"]
[EventCountry "CAN"]

1. Nf3 b5 2. b3 Bb7 3. Bb2 Nf6 4. e3 a6 5. Be2 e6 6. a3 Be7 7. d3 d5 8. Nbd2
Nbd7 9. O-O c5 10. c4 O-O 11. d4 Qb6 12. Rb1 Rfd8 13. cxd5 Bxd5 14. Bd3 Qb7 15.
Qe2 Ne4 16. Nxe4 Bxe4 17. Bxe4 Qxe4 18. Nd2 Qg6 19. Nf3 Rac8 20. Rbc1 Qh5 21.
Rfe1 Qd5 22. Qd1 c4 23. e4 Qb7 24. bxc4 bxc4 25. Qe2 Nb6 26. Rc2 Na4 27. Bc1
Qb3 28. d5 exd5 29. Nd4 Qb6 30. Nf5 Bf8 31. exd5 Rxd5 32. Nh6+ Kh8 33. Nxf7+
Kg8 34. Qg4 Rc6 35. Rxc4 Rg6 36. Qe4 Rd7 37. Ne5 Re6 38. Rxa4 Rde7 39. Qc4 Kh8
40. Bf4 g5 41. Bg3 Bg7 42. Rb4 Rxe5 43. Bxe5 Qa5 44. Qc8+ 1-0

[Event "Mercredi 2023.02.22 ABCD"]
[Site "Montreal CAN"]
[Date "2023.03.22"]
[Round "5"]
[White "Cardin, Guillaume"]
[Black "Batorshyn, Ilia"]
[Result "1-0"]
[WhiteElo "2161"]
[BlackElo "2107"]
[PlyCount "153"]
[EventDate "2023.02.22"]
[EventType "tourn"]
[EventRounds "5"]
[EventCountry "CAN"]

1. d4 Nf6 2. c4 e6 3. Nf3 Bb4+ 4. Bd2 Qe7 5. e3 O-O 6. Bd3 Bxd2+ 7. Qxd2 d6 8.
Nc3 e5 9. Bc2 Nc6 10. O-O Bg4 11. Ng5 Bh5 12. Nce4 Nxe4 13. Nxe4 Bg6 14. d5 Nb8
15. Ng3 Nd7 16. e4 a5 17. b3 b6 18. a3 Qh4 19. b4 Ra7 20. Ba4 Nf6 21. f3 axb4
22. Qxb4 Qg5 23. Rfe1 h5 24. Nf1 h4 25. Bc6 Nh5 26. Qd2 Qe7 27. a4 Ra5 28. Ra3
Nf4 29. g3 Nh5 30. Kg2 Bh7 31. Qe3 Qf6 32. Bd7 g6 33. Qh6 Qg7 34. Qxg7+ Kxg7
35. Bc6 hxg3 36. hxg3 f5 37. Nd2 Nf6 38. Rae3 Nh5 39. exf5 gxf5 40. f4 e4 41.
Nb3 Ra7 42. Nd4 Rg8 43. Ra3 Kf6 44. Kf2 Rg7 45. Rh1 Bg6 46. Rh3 Re7 47. Ke3 Kf7
48. Ra1 Nf6 49. Rah1 Ng4+ 50. Ke2 e3 51. Rh8 Re4 52. Ne6 Ke7 53. Bb5 Nf6 54.
Ng5 Rd4 55. Kxe3 Re4+ 56. Nxe4 Nxe4 57. R1h6 Bf7 58. g4 Nf6 59. Kf3 fxg4+ 60.
Kg3 Ng8 61. Rh1 Kf8 62. Bc6 Kg7 63. R8h7+ Kf8 64. Rh8 Kg7 65. R1h7+ Kg6 66. f5+
Kf6 67. Kxg4 Ra5 68. Kf4 Ra7 69. Ke4 Ra5 70. Kd4 Ne7 71. Rf8 Nxf5+ 72. Kc3 Ng7
73. Be8 Nxe8 74. Rhxf7+ Kg6 75. Rf1 Ng7 76. Rg1+ Kh7 77. Rf7 1-0

[Event "Mercredi 2023.02.22 ABCD"]
[Site "Montreal CAN"]
[Date "2023.03.22"]
[Round "5"]
[White "Chasles, Jean-Benoit"]
[Black "Boileau, Dominic"]
[Result "1-0"]
[WhiteElo "1723"]
[BlackElo "1760"]
[PlyCount "77"]
[EventDate "2023.02.22"]
[EventType "tourn"]
[EventRounds "5"]
[EventCountry "CAN"]

1. e4 c6 2. Nf3 d5 3. Nc3 Bg4 4. h3 Bxf3 5. Qxf3 e6 6. d3 Nf6 7. Qg3 d4 8. Nb1
c5 9. Be2 Nc6 10. f4 Be7 11. O-O O-O 12. Na3 Rc8 13. h4 Ne8 14. h5 h6 15. f5
Bd6 16. Qh3 e5 17. Rf3 Nf6 18. g4 Nh7 19. g5 Nxg5 20. Bxg5 Qxg5+ 21. Rg3 Qf6
22. Kh1 Rfd8 23. Rag1 Bf8 24. c3 a6 25. Nc4 Ne7 26. Nd2 Kh8 27. Nf3 b5 28. Nh2
Ng8 29. Ng4 Qd6 30. Qg2 g5 31. hxg6 fxg6 32. fxg6 Bg7 33. Nh2 Rf8 34. Nf3 Rf4
35. Qh2 Rc7 36. Nh4 Qf8 37. Nf5 Ne7 38. Nxh6 Rc6 39. Nf7+ 1-0

[Event "Mercredi 2023.02.22 ABCD"]
[Site "Montreal CAN"]
[Date "2023.03.22"]
[Round "5"]
[White "Di Matteo, Alessio"]
[Black "Gadbois, Patrick"]
[Result "1/2-1/2"]
[WhiteElo "1977"]
[BlackElo "1937"]
[PlyCount "96"]
[EventDate "2023.02.22"]
[EventType "tourn"]
[EventRounds "5"]
[EventCountry "CAN"]

1. e4 e6 2. d4 d5 3. Nd2 Nf6 4. e5 Nfd7 5. f4 c5 6. Ngf3 Nc6 7. Nb3 cxd4 8.
Nbxd4 Nxd4 9. Nxd4 Bc5 10. c3 a6 11. Be2 Qh4+ 12. g3 Qe7 13. O-O O-O 14. Be3 f6
15. exf6 Nxf6 16. Kh1 e5 17. fxe5 Qxe5 18. Bf4 Qe7 19. Bf3 Bh3 20. Re1 Ne4 21.
Qb3 Qf7 22. Bxe4 dxe4 23. Rxe4 Bxd4 24. Qxf7+ Rxf7 25. cxd4 Rc8 26. Rae1 Rc2
27. R4e2 Rxe2 28. Rxe2 g5 29. Be3 Rf1+ 30. Bg1 Rd1 31. Re8+ Kf7 32. Re2 Be6 33.
Kg2 Bd5+ 34. Kf2 Rxd4 35. a3 g4 36. Rc2 Rd1 37. Rc7+ Kg6 38. Rd7 Bf3 39. Rxd1
Bxd1 40. Ke3 h5 41. Kf4 Bf3 42. Ke5 Bg2 43. b4 Bf3 44. Be3 Bg2 45. a4 Bf3 46.
b5 axb5 47. axb5 Be2 48. b6 Bf3 1/2-1/2

[Event "Mercredi 2023.02.22 ABCD"]
[Site "Montreal CAN"]
[Date "2023.03.22"]
[Round "5"]
[White "Giard, Antoine"]
[Black "Allaire, Denis"]
[Result "0-1"]
[WhiteElo "1712"]
[BlackElo "1681"]
[PlyCount "84"]
[EventDate "2023.02.22"]
[EventType "tourn"]
[EventRounds "5"]
[EventCountry "CAN"]

1. e4 e5 2. Nf3 Nc6 3. Bb5 a6 4. Ba4 Nf6 5. O-O Nxe4 6. d4 Be7 7. dxe5 Nc5 8.
Bxc6 dxc6 9. Qxd8+ Bxd8 10. h3 Be6 11. Nc3 h6 12. Bf4 Be7 13. Bh2 O-O-O 14.
Rad1 Rxd1 15. Rxd1 Rd8 16. Rxd8+ Kxd8 17. Nd4 Bd7 18. f4 Ne6 19. Nce2 Nxd4 20.
Nxd4 c5 21. Ne2 Bf5 22. c3 b5 23. g4 Bb1 24. a3 b4 25. Kf2 bxa3 26. bxa3 c4 27.
a4 c5 28. f5 Bc2 29. a5 Ke8 30. Nf4 Bd8 31. Nh5 Bxa5 32. Nxg7+ Kf8 33. f6 Bxc3
34. Nf5 Bxf5 35. gxf5 Bd4+ 36. Ke2 a5 37. Bf4 h5 38. Kd2 a4 39. Kc2 a3 40. Kb1
Ke8 41. Bg3 c3 42. Bf4 c2+ 0-1